[Event "ch-AUT"]
[Site "Oberpullendorf AUT"]
[Date "2002.08.15"]
[Round "6"]
[White "Karner,C"]
[Black "Knoll,H"]
[Result "0-1"]
[WhiteElo "2301"]
[BlackElo "2332"]

1.d4 Nf6 2.c4 e6 3.Nf3 b6 4.Nc3 Bb4 5.Bg5 h6 6.Bh4 Bb7 7.Qc2 g5 8.Bg3 Ne4
9.Be5 f6 10.d5 exd5 11.cxd5 Bxc3+ 12.Bxc3 Nxc3 13.Qxc3 Bxd5 14.O-O-O Be6
15.Nd4 Qe7 16.Nxe6 Qxe6 17.Qxc7 Na6 18.Qb7 Qc6+ 19.Qxc6 dxc6 20.e3 Nc5 21.Be2 Ke7
22.Bf3 f5 23.b4 Na4 24.Bxc6 Rac8 25.Rd7+ Ke6 26.b5 Nc5 27.Rxa7 Rhd8 28.Rd1 Nd3+
29.Rxd3 Rxd3 30.Kc2 Rcd8 31.Rh7 Rd2+ 32.Kc3 Rxf2 33.Rxh6+ Ke5 34.h3 Re2 35.Rg6 Rxe3+
36.Kc2 Re2+ 37.Kc3 Rxa2 38.Rxg5 Kf6 39.Rh5 Rad2 40.Rh7 R8d3+ 41.Kc4 Rd4+
42.Kc3 Ke6 43.Rh6+ Ke5 44.Bf3 R4d3+ 45.Kc4 Re3 46.Rh4 Rc2+ 47.Kb4 Rb2+ 48.Kc4 Rbb3  0-1

[Event "ADCF Masters"]
[Site "Abu Dhabi UAE"]
[Date "2002.08.17"]
[Round "6"]
[White "Safin,S"]
[Black "Arkhipov,S"]
[Result "1-0"]
[WhiteElo "2525"]
[BlackElo "2499"]

1.d4 Nf6 2.c4 e6 3.Nf3 b6 4.Nc3 Bb4 5.e3 Ne4 6.Qc2 Bb7 7.Bd3 f5 8.O-O Bxc3
9.bxc3 O-O 10.Ne1 c5 11.f3 Nd6 12.Qe2 Nc6 13.Ba3 Qc7 14.Nc2 Na5 15.e4  1-0

[Event "It"]
[Site "Tel Aviv ISR"]
[Date "2002.08.17"]
[Round "9"]
[White "Porat,S"]
[Black "Lerner,K"]
[Result "1-0"]
[WhiteElo "2369"]
[BlackElo "2536"]

1.d4 Nf6 2.c4 e6 3.Nf3 b6 4.Nc3 Bb4 5.Qc2 Bb7 6.a3 Bxc3+ 7.Qxc3 O-O 8.b3 c5
9.Bb2 d6 10.Rd1 Qe7 11.e3 Ne4 12.Qc2 f5 13.Be2 Nd7 14.O-O Ndf6 15.Ne1 Ng4
16.Bd3 Qh4 17.h3 Ngf6 18.Qe2 Qh6 19.Bc2 Rad8 20.Kh2 Nh5 21.d5 exd5 22.cxd5 Rde8
23.Nf3 Nhf6 24.b4 f4 25.Bxf6 Qxf6 26.Bxe4 Rxe4 27.Qd3 Re7 28.e4 g5 29.Rfe1 Rfe8
30.bxc5 bxc5 31.Qc4 Kg7 32.Rb1 Bc8 33.e5 dxe5 34.Qxc5 Bf5 35.d6 Rd7 36.Rbd1 e4
37.Rd5 Rf8 38.Ne5 Rdd8 39.d7 Be6 40.Rd6 Qf5 41.Qd4 Rf6 42.Rxe4 Bd5 43.Ng4 Bxe4
44.Nxf6  1-0

[Event "13th Summer Open"]
[Site "Recklinghausen GER"]
[Date "2002.08.24"]
[Round "8"]
[White "Wyrwich,T"]
[Black "Litwak,A"]
[Result "0-1"]
[WhiteElo "2259"]
[BlackElo "2153"]

1.d4 e6 2.c4 Nf6 3.Nf3 b6 4.Nc3 Bb4 5.Bg5 Bb7 6.Nd2 h6 7.Bh4 Bxc3 8.bxc3 d6
9.f3 Nbd7 10.e4 e5 11.Bd3 Qe7 12.O-O O-O-O 13.a4 a5 14.Re1 g5 15.Bf2 Rdg8
16.Nf1 g4 17.Ng3 gxf3 18.Qxf3 Rg4 19.Nf5 Qf8 20.g3 h5 21.c5 dxc5 22.d5 Kb8
23.Rad1 Ne8 24.Bf1 Ndf6 25.Bh3 Rg6 26.Nh4 Rgg8 27.Be3 Ng4 28.Bc1 Nd6 29.Bf1 Bc8
30.h3 Nh6 31.Kh2 Qe7 32.Rd2 Rf8 33.Rf2 f5 34.Bxh6 Rxh6 35.exf5 Nxf5 36.Bd3 Rhf6
37.Bxf5 Bxf5 38.Qxh5 Bg4 39.Qxg4 Rxf2+ 40.Kg1 Qf6  0-1

[Event "ch-RUS"]
[Site "Krasnodar RUS"]
[Date "2002.08.31"]
[Round "5"]
[White "Kornev,Alexe"]
[Black "Yemelin,V"]
[Result "1/2-1/2"]
[WhiteElo "2567"]
[BlackElo "2534"]

1.d4 Nf6 2.c4 e6 3.Nf3 b6 4.Nc3 Bb4 5.e3 Ne4 6.Qc2 Bb7 7.Bd3 f5 8.O-O Bxc3
9.bxc3 O-O 10.Ne1 Nc6 11.f3 Ng5 12.e4 fxe4 13.fxe4 Rxf1+ 14.Bxf1 d6 15.h4 Nf7
16.Nf3 Na5 17.Bd3 e5 18.c5 dxc5 19.dxc5 Qd7 20.Be3 Rd8 21.Be2 Qe7 22.Rf1 Bc8
23.cxb6 cxb6 24.Ng5 Nxg5 25.Bxg5 Qc5+ 26.Kh2 Rf8 27.Rxf8+ Qxf8 28.c4 h6 29.Be3 Qe7
30.Kg3 Nb7 31.Qa4 Nc5 32.Bxc5 bxc5 33.Bg4 Bxg4 34.Kxg4 Qe6+ 35.Kf3 h5 36.Ke3 Qg6
37.Kf2  1/2-1/2

[Event "GER-GRE Match"]
[Site "Fuerth GER"]
[Date "2002.09.01"]
[Round "2"]
[White "Nikolaidis,I"]
[Black "Graf,A"]
[Result "1/2-1/2"]
[WhiteElo "2502"]
[BlackElo "2624"]

1.d4 Nf6 2.Nf3 e6 3.c4 b6 4.Nc3 Bb7 5.Bg5 Be7 6.e3 h6 7.Bh4 O-O 8.Bd3 c5
9.O-O cxd4 10.exd4 Nc6 11.Re1 Rc8 12.Rc1 Na5 13.b3 Re8 14.Bg3 d5 15.Ne5 Nc6
16.Nb5 dxc4 17.Nxc6 Bxc6 18.Nxa7 cxd3 19.Nxc6  1/2-1/2

[Event "TCh-CRO"]
[Site "Medulin CRO"]
[Date "2002.09.14"]
[Round "6"]
[White "Brumen,D"]
[Black "Franic,M"]
[Result "0-1"]
[WhiteElo "2398"]
[BlackElo "2412"]

1.d4 Nf6 2.Nf3 e6 3.c4 b6 4.Nc3 Bb4 5.Qb3 Qe7 6.a3 Bxc3+ 7.Qxc3 Bb7 8.Bg5 a5
9.b3 d6 10.e3 Nbd7 11.Bd3 h6 12.Bh4 O-O 13.O-O g5 14.Bg3 Ne4 15.Bxe4 Bxe4
16.Nd2 Bb7 17.b4 f5 18.f3 e5 19.c5 axb4 20.axb4 exd4 21.exd4 Bd5 22.cxd6 cxd6
23.Rxa8 Rxa8 24.Qc7 Qe3+ 25.Bf2 Qxd2 26.Qxd7 Qf4 27.Re1 Bf7 28.Be3 Qh4 29.Rc1 Ra3
30.Bf2 Qf4 31.Re1 Ra2 32.Qc8+ Kg7 33.Qc3 Qd2 34.Qxd2 Rxd2 35.Rc1 b5 36.h4 Rb2
37.hxg5 hxg5 38.Be1 Bc4 39.Bc3 Rb3 40.Kf2 Kf7 41.Ke3 Ra3 42.Rc2 Ke6 43.d5+ Kxd5
44.Rd2+ Ke6 45.Kd4 Ra7 46.Rd1 Rh7 47.Re1+ Kf7 48.Bd2 Kf6 49.Re8 f4 50.Be1 Rh1
51.g3 Be6 52.Bf2 Rf1 53.gxf4 Rxf2 54.fxg5+ Kf7 55.Rb8 Rxf3 56.Rxb5 Rg3 57.Rb7+ Ke8
58.Rb8+ Ke7  0-1

[Event "CUPA TC IND"]
[Site "Ploiesti ROM"]
[Date "2002.09.22"]
[Round "5"]
[White "Sandulescu,G"]
[Black "Oncel,I"]
[Result "1/2-1/2"]
[WhiteElo "2043"]
[BlackElo "2173"]

1.d4 Nf6 2.c4 e6 3.Nf3 b6 4.Nc3 Bb4 5.Bg5 Bb7 6.e3 h6 7.Bh4 Bxc3+ 8.bxc3 d6
9.Bd3 Nbd7 10.O-O Qe7 11.Nd2 e5 12.f3 exd4 13.Be4 Bxe4 14.Nxe4 dxc3 15.Qd4 Qe5
16.Nxf6+ Nxf6 17.Rfd1 Qxd4 18.Rxd4 g5 19.Be1 O-O-O 20.Bxc3 Rhe8 21.Kf2 Nd7
22.a4 a5 23.Rd5 Re6 24.Bd4 Nc5 25.Bxc5 dxc5 26.Rad1 Rxd5 27.Rxd5 c6 28.Rf5 f6
29.f4 Kd7 30.Kf3 Ke7 31.h4 gxf4 32.exf4 Kf7 33.g4 Kg6 34.h5+ Kg7 35.g5 fxg5
36.fxg5 hxg5 37.Rxg5+ Kh7 38.Kf4 Kh6 39.Kf5 Re1 40.Rg6+ Kxh5 41.Rxc6 Rb1
42.Ke5 Kg5 43.Ke4 Rb4 44.Kd3 Kf5 45.Kc3 Ke5 46.Rh6 Ke4 47.Rf6 Ke3 48.Re6+ Kf2
49.Kd3 Rxa4 50.Rxb6 Ra3+ 51.Kc2 Ke3 52.Re6+  1/2-1/2

[Event "Autumn I"]
[Site "Alushta UKR"]
[Date "2002.09.24"]
[Round "14"]
[White "Nikitin,An"]
[Black "Zavgorodniy,S"]
[Result "1-0"]
[WhiteElo "2471"]
[BlackElo "2393"]

1.d4 Nf6 2.c4 e6 3.Nf3 b6 4.Nc3 Bb7 5.Bg5 Bb4 6.Qb3 Bxc3+ 7.bxc3 h6 8.Bh4 g5
9.Bg3 Ne4 10.Nd2 Nxd2 11.Kxd2 d6 12.h4 g4 13.e3 Nd7 14.a4 a5 15.h5 Be4 16.Bh4 Qc8
17.Qd1 f5 18.f3 gxf3 19.gxf3 Bc6 20.Bd3 Qb7 21.d5 Bxd5 22.cxd5 Qxd5 23.Kc2 Rg8
24.Rg1 Kf7 25.Rg6 Rxg6 26.hxg6+ Kg8 27.Bb5 Qxd1+ 28.Rxd1 Ne5 29.Rg1 Kg7 30.f4 Nxg6
31.Bd7 Kf7 32.Bf2 Nf8 33.Bc6 Rb8 34.e4 Ng6 35.exf5 Nxf4 36.fxe6+ Nxe6 37.Be4 Ke7
38.Rg6 Rf8 39.Be3 Re8 40.Bd5  1-0

[Event "Autumn III"]
[Site "Alushta UKR"]
[Date "2002.10.04"]
[Round "10"]
[White "Nikitin,An"]
[Black "Kaiumov,D"]
[Result "1/2-1/2"]
[WhiteElo "2471"]
[BlackElo "2460"]

1.d4 Nf6 2.c4 e6 3.Nf3 b6 4.Nc3 Bb7 5.Bg5 Be7 6.e3 h6 7.Bh4 O-O 8.Be2 c5
9.O-O cxd4 10.Nxd4 Nc6 11.Bf3 Na5 12.Bxb7 Nxb7 13.Qf3 Na5 14.b3 Rc8 15.Rac1 Ne8
16.Bg3 Bd6 17.Rfd1 Bxg3 18.Qxg3 a6 19.Rc2 d6 20.f4 Nc6 21.Nxc6 Rxc6 22.Qf3 Qc8
23.Ne2 Nf6 24.Rdc1  1/2-1/2

[Event "7th ECCW"]
[Site "Antalya TUR"]
[Date "2002.10.05"]
[Round "6"]
[White "Zhukova,N"]
[Black "Maric,A"]
[Result "0-1"]
[WhiteElo "2425"]
[BlackElo "2450"]

1.d4 Nf6 2.c4 e6 3.Nf3 b6 4.Nc3 Bb7 5.Bg5 Be7 6.Qc2 c5 7.dxc5 bxc5 8.e3 d6
9.Be2 Nbd7 10.O-O O-O 11.Rad1 Qb6 12.h3 Rfd8 13.Bf4 Nf8 14.Nd2 Rab8 15.b3 Ng6
16.Bg3 Rbc8 17.Bf3 a6 18.Bxb7 Qxb7 19.Nf3 h6 20.Rd2 Rd7 21.Rfd1 Rcd8 22.Ne1 Ne8
23.Qe4 Qb4 24.Rd3 Bf6 25.Nc2 Qa5 26.Na4 Ne7 27.Qf3 Nf5 28.Bf4 Ne7 29.e4 Ng6
30.Bd2 Qc7 31.Qh5 Qc6 32.Re1 Be7 33.f4 Nf6 34.Qf3 Nh4 35.Qe2 d5 36.cxd5 exd5
37.e5 Ne4 38.Ba5 Rb8 39.Ne3 c4 40.Nxc4 dxc4 41.Rxd7 Qxd7 42.Qxe4 cxb3 43.axb3 Rxb3
44.Nc3 Ra3 45.Bb4 Bxb4 46.Qxb4 Qd2 47.Qb8+ Kh7 48.Qb1+ g6 49.Qe4 Qxc3 50.e6 Ra1
51.Rxa1 Qxa1+ 52.Kh2 fxe6 53.Qb7+ Qg7 54.Qxa6 Qf7 55.Qc4 Qb7  0-1

[Event "TCh-BEL 2001-2"]
[Site "Belgium BEL"]
[Date "2002.10.13"]
[Round "8"]
[White "Denayer,E"]
[Black "Geirnaert,S"]
[Result "0-1"]
[WhiteElo "2201"]
[BlackElo "2160"]

1.d4 Nf6 2.Nf3 e6 3.c4 b6 4.Nc3 Bb4 5.Bg5 h6 6.Bh4 O-O 7.e3 Bxc3+ 8.bxc3 d6
9.Nd2 Bb7 10.f3 Nbd7 11.Bd3 e5 12.O-O Qe7 13.Re1 Rae8 14.Qa4 a5 15.e4 g5
16.Bf2 Nh5 17.Bf1 Rd8 18.g3 Qe6 19.Bg2 f5 20.d5 Qf6 21.Qd1 f4 22.Bh3 Ng7
23.Bxd7 Rxd7 24.g4 h5 25.Qa4 Bc8 26.h3 Qh6 27.Kf1 Rdf7 28.Ke2 Bd7 29.Qb3 Ne8
30.Rh1 Nf6 31.Rag1 Rh7 32.gxh5 Kf7 33.h4 g4 34.fxg4 Bxg4+ 35.Kd3 Qxh5 36.c5 dxc5
37.d6+ Be6 38.Qb5 Nxe4  0-1

[Event "1st It"]
[Site "Klaksvik FAI"]
[Date "2002.10.16"]
[Round "8"]
[White "Jakobsen,O"]
[Black "Pilgaard,K"]
[Result "1/2-1/2"]
[WhiteElo "2381"]
[BlackElo "2432"]

1.d4 Nf6 2.c4 e6 3.Nf3 b6 4.Nc3 Bb7 5.a3 d5 6.cxd5 Nxd5 7.Qc2 Nxc3 8.Qxc3 Nd7
9.Bg5 f6 10.Bf4 Bd6 11.Bg3 Qe7 12.e3 O-O 13.Bb5 Rac8 14.Bc6 Ba6 15.b4 b5
16.O-O Rb8 17.Nd2 Bb7 18.Bxb7 Rxb7 19.Nb3 Rb6 20.Rac1 Nb8 21.Na5 Re8 22.Rc2 e5
23.Rfc1 Kh8 24.Qd3 a6 25.dxe5 fxe5 26.Qe4 Nd7 27.Bh4 Qe6 28.h3 Rbb8 29.Rd1  1/2-1/2

[Event "10th Chigorin Mem"]
[Site "St Petersburg RUS"]
[Date "2002.10.26"]
[Round "2"]
[White "Ovsejevitsch,S"]
[Black "Okrugin,S"]
[Result "1/2-1/2"]
[WhiteElo "2508"]
[BlackElo "2392"]

1.d4 Nf6 2.c4 e6 3.Nf3 b6 4.Nc3 Bb4 5.Bg5 Bb7 6.e3 h6 7.Bh4 Bxc3+ 8.bxc3 d6
9.Nd2 Nbd7 10.f3 Qe7 11.e4 e5 12.Be2 Nf8 13.Nf1 Ng6 14.Bf2 Nf4 15.Ne3 Nxe2
16.Qxe2 Nh5 17.g3 g6 18.O-O O-O 19.Nd5 Bxd5 20.cxd5 Nf6 21.Qd2 Kg7 22.Be3 Ng8
23.Rae1 Qd7 24.dxe5 dxe5 25.f4 f6 26.c4 Rae8 27.Qb2 exf4 28.Bxf4 Kh7 29.Bd2 c6
30.Bc3 cxd5 31.cxd5 f5 32.Qb4 Nf6 33.Bxf6 Rxf6 34.e5 Rff8 35.Qd4 Rd8 36.Rd1 Rfe8
37.Rfe1 Qe7 38.Kg2 Qc5 39.Qd3 b5 40.Rd2 a6 41.g4 fxg4 42.Rf1 Rf8 43.Rxf8 Rxf8
44.Rc2 Qe7 45.e6 Qf6 46.Qe2 Qf4 47.Rd2 Rf5 48.Rd3  1/2-1/2

[Event "10th Chigorin Mem B"]
[Site "St Petersburg RUS"]
[Date "2002.10.27"]
[Round "3"]
[White "Shishkin,Va"]
[Black "Belukhin,I"]
[Result "1/2-1/2"]
[WhiteElo "2391"]
[BlackElo "2270"]

1.d4 Nf6 2.c4 e6 3.Nf3 b6 4.Nc3 Bb4 5.Bg5 h6 6.Bh4 Bb7 7.Nd2 c5 8.a3 Bxc3
9.bxc3 d6 10.e3 Qe7 11.f3 Nbd7 12.Qa4 e5 13.dxc5 dxc5 14.e4 O-O 15.Be2 Qe6
16.Nf1 Nh5 17.Ne3 Nf4 18.Rd1 Bc6 19.Qc2 Nf6 20.Bxf6 Qxf6 21.g3 Nh3 22.Nd5 Bxd5
23.cxd5 h5 24.Qd3 h4 25.Qe3 g6 26.Qh6 Rad8 27.c4 Rd6 28.Rd3 Qg5 29.Qxg5 Nxg5
30.Re3 hxg3 31.hxg3 f6 32.f4 Nf7 33.Bg4 Kg7 34.Re2 Rh8 35.Rxh8 Kxh8 36.Be6 Nd8
37.f5 g5 38.Rh2+ Kg7 39.Ke2 Nb7 40.Bc8 Na5 41.Ba6 Rd8 42.Kf3 Rd7 43.Kg4 Rd8
44.Rh1 Rd7 45.Rd1 Rd6 46.Rd3 Kh7 47.Kf3 Kg7 48.Ke2 Kf7 49.g4 Kg7 50.Kd2 Kf7
51.Kc3 Kg7 52.a4 Kh7 53.Bb5 Kg7 54.Ba6 Kh7 55.Rd1 Kg7 56.Rd2 Kh7 57.Bb5 Kg7
58.Ba6 Kh7 59.Rd3 Kg7 60.Rh3 Rd8 61.Rh5 Rd6 62.Rh2 Rd8 63.Rh3 Rd7 64.Rh2 Rd8  1/2-1/2

[Event "CUPA TC IND"]
[Site "Ploiesti ROM"]
[Date "2002.10.29"]
[Round "9"]
[White "Sandulescu,G"]
[Black "Mosnegutu,M"]
[Result "0-1"]
[WhiteElo "2043"]
[BlackElo "2238"]

1.d4 Nf6 2.c4 e6 3.Nf3 b6 4.Nc3 Bb7 5.Qc2 Bb4 6.Bg5 h6 7.Bh4 g5 8.Bg3 Ne4
9.Nd2 f5 10.e3 O-O 11.O-O-O Bxc3 12.bxc3 Qe7 13.Qb2 Nxd2 14.Qxd2 d6 15.f3 Nc6
16.h4 Na5 17.hxg5 hxg5 18.Bd3 Kg7 19.e4 Rh8 20.exf5 exf5 21.Bxf5 Nxc4 22.Rhe1 Qf6
23.Qd3 Bd5 24.Be4 c6 25.Re2 Rac8 26.Rde1 Bf7 27.Bf5 Rc7 28.Be6 b5 29.Bxf7 Qxf7
30.Re6 Rd7 31.Qe4 Rh5 32.Qxc6 Rc7 33.Qxc7 Qxc7 34.Re7+ Qxe7 35.Rxe7+ Kf6
36.Rxa7 Rh1+ 37.Kc2 Rg1 38.Kd3 Rxg2 39.Be1 d5 40.Rd7 Ke6 41.Rg7 Kf5 42.Rd7 Ke6
43.Rg7 Rxa2 44.Rxg5 Ra1 45.Ke2 Ra2+ 46.Kd3 Ra3 47.Ke2 Ra2+ 48.Kd3 Rh2 49.f4 Rh3+
50.Rg3 Rh1 51.Ke2 Kf5 52.Rf3 Nd6 53.Re3 Ne4 54.Kf3 Rh3+ 55.Ke2 Rh2+ 56.Kf3 Rc2
57.Re2 Rc1 58.Re3 Ra1 59.Bg3 Ra3 60.Be1 Rb3 61.Bh4 Rxc3 62.Rxc3 Nxc3 63.Be7 Ne4
64.Bb4 Nf6 65.Ba5 Nh5 66.Bd2 Ng7 67.Ke3 Ne6 68.Kd3 Nxf4+ 69.Kc3 Ne6 70.Kd3 Nd8
71.Bb4 Nc6 72.Bd6 Ke6 73.Bc5 Kd7 74.Kc3 Kc7 75.Kb3 Kb7 76.Kc3 Ka6 77.Ba3 Ka5
78.Kd3 Ka4 79.Bc5 b4 80.Kc2 Ka3 81.Kd2 Ka2  0-1

[Event "10th Chigorin Mem"]
[Site "St Petersburg RUS"]
[Date "2002.11.02"]
[Round "8"]
[White "Popov,Val"]
[Black "Grigoriants,S RUS"]
[Result "0-1"]
[WhiteElo "2568"]
[BlackElo "2479"]

1.d4 Nf6 2.c4 e6 3.Nf3 b6 4.Nc3 Bb4 5.Qb3 c5 6.Bg5 Bb7 7.e3 O-O 8.a3 Bxc3+
9.Qxc3 cxd4 10.Nxd4 d5 11.f3 Na6 12.Nb5 dxc4 13.Bxc4 Rc8 14.Nxa7 Rc5 15.Bxf6 Qxf6
16.Qxf6 gxf6 17.Bd3 Ra8 18.b4 Rg5 19.Bxa6 Bxa6 20.Nc6 Rxg2 21.O-O-O Kf8 22.Rd2 Rxd2
23.Kxd2 Bb7 24.Rc1 Rxa3 25.Nd4 f5 26.Rc7 Bd5 27.b5 Ra2+ 28.Kd3 Rxh2 29.Rd7 Ba2
30.Rd6 h5 31.Rxb6 h4 32.Rb8+ Kg7 33.b6 Bd5 34.e4 fxe4+ 35.fxe4 Rh3+ 36.Kd2 Bxe4
37.b7 Kf6 38.Nxe6 Bxb7 39.Nf4 Rb3 40.Rg8 Kf5  0-1

[Event "10th Chigorin Mem"]
[Site "St Petersburg RUS"]
[Date "2002.11.02"]
[Round "8"]
[White "Dobrov,V"]
[Black "Kryschilovskij,A"]
[Result "1-0"]
[WhiteElo "2446"]
[BlackElo "2390"]

1.d4 Nf6 2.c4 e6 3.Nf3 b6 4.Nc3 Bb7 5.a3 d5 6.cxd5 exd5 7.g3 Be7 8.Qa4+ c6
9.Bg2 O-O 10.O-O Nbd7 11.Nh4 Re8 12.Nf5 Bf8 13.Bf4 Re6 14.Bh3 a5 15.Rad1 b5
16.Qc2 Nh5 17.Bc1 Re8 18.Rfe1 Nb6 19.f3 b4 20.Nb1 c5 21.dxc5 Rc8 22.axb4 axb4
23.Nd4 Rxc5 24.Qd2 h6 25.b3 Bc8 26.Bg2 Bd6 27.e3 Ra5 28.Nc6  1-0

[Event "Olympiad w"]
[Site "Bled SLO"]
[Date "2002.11.06"]
[Round "11"]
[White "Bosboom Lanchava,T"]
[Black "Ostry,I"]
[Result "1-0"]
[WhiteElo "2341"]
[BlackElo "2232"]

1.d4 Nf6 2.c4 e6 3.Nf3 b6 4.Nc3 Bb4 5.Qb3 Qe7 6.Bg5 Bb7 7.e3 Bxc3+ 8.Qxc3 Ne4
9.Bxe7 Nxc3 10.Ba3 Ne4 11.Ne5 d6 12.Nd3 c5 13.f3 Nf6 14.Rd1 a5 15.e4 Nc6
16.d5 exd5 17.cxd5 Nd4 18.Rd2 a4 19.Nb4 O-O 20.Rxd4 cxd4 21.Nc2 Rfc8 22.Kd2 Ne8
23.Nxd4 g6 24.g4 Ba6 25.Nb5 Rd8 26.Bd3 Bxb5 27.Bxb5 Nc7 28.Bc6 Ra7 29.Ke3 h6
30.h4 Na6 31.Bxa4 Nc5 32.Bc6 Rc8 33.g5 h5 34.Rd1 Rcc7 35.Rd4 Ra5 36.Rb4 Rca7
37.Rxb6 Rxa3+ 38.bxa3 Rxa3+ 39.Kd4 Rd3+ 40.Kc4 Rxf3 41.e5 Rf4+ 42.Kb5 Ne4
43.Rb8+ Kg7 44.e6 Nc3+ 45.Ka6 Re4 46.Rb7 Kf8 47.Rxf7+ Kg8 48.Rd7 Nxa2 49.Rxd6 Nb4+
50.Kb6 Re1 51.Kc7 Na6+ 52.Kd8 Kf8 53.Rd7  1-0

[Event "Kubanskaja Osen"]
[Site "Krasnodar RUS"]
[Date "2002.11.15"]
[Round "1"]
[White "Poluljahov,A"]
[Black "Panarin,M"]
[Result "1-0"]
[WhiteElo "2501"]
[BlackElo "2445"]

1.d4 Nf6 2.c4 e6 3.Nf3 b6 4.Nc3 Bb4 5.Qb3 Qe7 6.a3 Bxc3+ 7.Qxc3 Bb7 8.g3 O-O
9.Bg2 a5 10.b3 d6 11.O-O Nbd7 12.Bb2 c5 13.Rfd1 Rfc8 14.d5 exd5 15.cxd5 b5
16.Nh4 g6 17.e4 b4 18.Qd2 Re8 19.Re1 Qd8 20.h3 Nh5 21.Nf3 f6 22.Bf1 Re7 23.Nh2 Qf8
24.g4 Ng7 25.f4 Qf7 26.Bg2 Rae8 27.axb4 axb4 28.g5 h5 29.Ra7 Bxd5 30.gxf6 Rxe4
31.Bxe4 Rxe4 32.Rxe4 Bxe4 33.fxg7 Qxb3 34.Qe1 Qc2 35.Ra8+  1-0

[Event "Kubanskaja Osen"]
[Site "Krasnodar RUS"]
[Date "2002.11.20"]
[Round "6"]
[White "Malaniuk,V"]
[Black "Maiorov,O"]
[Result "1/2-1/2"]
[WhiteElo "2556"]
[BlackElo "2458"]

1.d4 Nf6 2.Nf3 e6 3.c4 b6 4.Nc3 Bb7 5.e3 Bb4 6.Bd3 Bxc3+ 7.bxc3 Ne4 8.O-O Nxc3
9.Qc2 Bxf3 10.gxf3 Qg5+ 11.Kh1 Qh5 12.Rg1 Qxf3+ 13.Rg2 f5  1/2-1/2

[Event "Kubanskaja Osen"]
[Site "Krasnodar RUS"]
[Date "2002.11.22"]
[Round "8"]
[White "Malaniuk,V"]
[Black "Panarin,M"]
[Result "1/2-1/2"]
[WhiteElo "2556"]
[BlackElo "2445"]

1.d4 Nf6 2.c4 e6 3.Nf3 b6 4.Nc3 Bb4 5.Bg5 Bb7 6.Nd2 c5 7.a3 cxd4 8.axb4 dxc3
9.bxc3 Qc7 10.Bh4 d6 11.e3 Nbd7 12.Be2 O-O 13.O-O a5 14.Qb3 Rfc8 15.Ra3 axb4
16.Rxa8 Rxa8 17.cxb4 d5 18.Rc1 Qc6 19.b5 Qd6 20.Bg3 Qe7 21.Qb2 h6 22.h3 dxc4
23.Nxc4 Ne4 24.Bc7 Qh4 25.Bf1 Rc8 26.Bh2 Qg5 27.Nd6 Nxd6 28.Bxd6 Rxc1 29.Qxc1 Ne5
30.Kh2 Qf5 31.Qd1 Be4 32.Kg1 Bd5 33.Bc7 Bc4 34.Bxe5 Bxf1 35.Kxf1 Qxe5 36.Qd8+ Kh7
37.Qxb6 Qa1+ 38.Ke2 Qb2+ 39.Kf3 Qf6+ 40.Kg3 h5 41.Qc5 h4+ 42.Kh2 Qxf2 43.Qe5 f6
44.Qf4 Qe1 45.b6 g5 46.Qf3 Qb4 47.Qxf6 Qxb6 48.Qxg5 Qd6+ 49.Kg1 Qd1+ 50.Kf2 Qd2+
51.Kf3 Qd3 52.Kf4 Qd6+ 53.Kg4 Qg3+ 54.Kh5 Qf2 55.Qg6+ Kh8 56.Qxe6 Qf7+ 57.Qg6 Qf3+
58.Qg4 Qxe3 59.Qxh4 Qe6 60.Kg5+ Kg8 61.Qg4 Qd6 62.h4 Qc6 63.h5 Kh8 64.Kh4 Qd6
65.Kh3 Qe5 66.Qd1 Kh7 67.g3 Kh8 68.g4 Qe7 69.Qf3 Qd6 70.Qe4 Qf6 71.Qe3 Qa1
72.Kh4 Qh1+ 73.Kg5 Qd5+ 74.Kf6 Qd6+ 75.Kf5 Qf8+ 76.Kg5 Qg8+ 77.Kf4 Qf8+ 78.Kg3 Qd6+
79.Kh4 Kg8 80.Qg5+ Kh8 81.Qe3 Kg8 82.Kh3 Qd1 83.Qg5+ Kh8 84.Qf4 Kh7 85.Qe4+ Kh8
86.Kh4 Qa1 87.g5 Qa7 88.Qe8+ Kh7 89.Qg6+ Kh8 90.Qf6+ Kg8 91.Qe6+ Kh8 92.Qe5+ Kg8
93.Qf4 Qb7 94.Qc4+ Kh8 95.Qd4+ Kg8 96.Kg3 Qb3+ 97.Kf4 Qf7+ 98.Kg4 Qe6+ 99.Kg3 Qb3+
100.Kh4 Qb7 101.g6 Qe7+ 102.Kg4 Qc7 103.Kf3 Qe7 104.Qa4 Qd8 105.Ke3 Qg5+
106.Qf4 Qc5+ 107.Kd2 Qd5+ 108.Ke1 Qe6+ 109.Kf2 Qc6 110.Kg3 Qc3+ 111.Kg4 Qc8+
112.Kg5 Qb7 113.Qc4+ Kf8 114.Qf4+ Kg8 115.Qd6 Qc8 116.Kf6 Qc3+ 117.Ke7 Kg7
118.Ke8 Kh6  1/2-1/2

[Event "ch-ROM"]
[Site "Curtea de Arges ROM"]
[Date "2002.11.23"]
[Round "1.1"]
[White "Veneteanu,I"]
[Black "Burnoiu,N1"]
[Result "0-1"]
[WhiteElo "2251"]
[BlackElo "2431"]

1.d4 Nf6 2.c4 e6 3.Nf3 b6 4.Nc3 Bb7 5.Bg5 Be7 6.e3 h6 7.Bh4 d6 8.Nd2 Nbd7
9.f3 c5 10.Bf2 Rc8 11.e4 cxd4 12.Bxd4 O-O 13.Be2 Qc7 14.Rc1 Qb8 15.O-O Rfe8
16.f4 Bf8 17.Be3 a6 18.a4 Be7 19.Bf3 Qa8 20.Qe2 Bd8 21.Bf2 Bc7 22.Rfe1 Nf8
23.g3 N6d7 24.b4 Bb8 25.Kg2 Ba7 26.Qe3 Bb8 27.Nb3 Rxc4 28.Na2 Rec8 29.Rxc4 Rxc4
30.Qd3 Rc8 31.a5 b5 32.Rc1 Rxc1 33.Naxc1 Nf6 34.Nd2 N8d7 35.Ncb3 Bc7 36.Qc3 Bd8
37.Qd4 Be7 38.e5 dxe5 39.fxe5 Bxf3+ 40.Nxf3 Nd5 41.Be1 Nb8 42.Nc5 Nc6 43.Qe4 Bxc5
44.bxc5 Qf8 45.Nd4 Qxc5  0-1

[Event "TCh-BEL 2002-3"]
[Site "Belgium BEL"]
[Date "2002.11.24"]
[Round "3"]
[White "Peek,Mar"]
[Black "Roeder,M"]
[Result "1/2-1/2"]
[WhiteElo "2417"]
[BlackElo "2476"]

1.d4 Nf6 2.Nf3 e6 3.c4 b6 4.Nc3 Bb4 5.Bg5 h6 6.Bh4 Bb7 7.e3 g5 8.Bg3 Ne4
9.Nd2 Nxg3 10.hxg3 Bxc3 11.bxc3 d6 12.Qc2 Nd7 13.f3 Qe7 14.Bd3 f5 15.O-O-O O-O-O
16.Nb3 c5 17.Kb2 Kc7 18.a4 a5 19.Nd2 Qg7 20.Nb1 Nf6 21.Na3 g4 22.e4 gxf3  1/2-1/2

[Event "FSGM Dec"]
[Site "Budapest HUN"]
[Date "2002.12.07"]
[Round "1"]
[White "Szeberenyi,A"]
[Black "Lopez Martinez,J"]
[Result "1-0"]
[WhiteElo "2367"]
[BlackElo "2437"]

1.d4 e6 2.c4 Nf6 3.Nf3 b6 4.Nc3 Bb4 5.Qb3 c5 6.a3 Ba5 7.Bg5 O-O 8.e3 Bb7
9.Rd1 Bxc3+ 10.bxc3 h6 11.Bh4 Nc6 12.Bd3 Na5 13.Qc2 cxd4 14.cxd4 Rc8 15.Ne5 Kh8
16.Qe2 d6 17.Ng4 g5 18.Bxg5 hxg5 19.Nxf6 Kg7 20.Nh5+ Kh6 21.h4 gxh4 22.Qg4 Qg5
23.Rxh4 Qxg4 24.Rxg4 f5 25.Rh4 Kg5 26.g3 Bf3 27.Be2 Bxe2 28.Kxe2 Rh8 29.Nf4 e5
30.dxe5 Nxc4 31.Ne6+ Kg6 32.exd6 Kf6 33.d7 Kxe6 34.dxc8=Q+ Rxc8 35.Rc1 b5
36.a4 a6 37.Rh6+ Kd5 38.Rxa6 b4 39.Ra5+  1-0

[Event "Friendship B"]
[Site "Roznov CZE"]
[Date "2002.12.10"]
[Round "5"]
[White "Biolek,R"]
[Black "Hitzgerova,G"]
[Result "1-0"]
[WhiteElo "2433"]
[BlackElo "2225"]

1.Nf3 Nf6 2.c4 e6 3.d4 b6 4.Nc3 Bb7 5.Bg5 Be7 6.e3 O-O 7.Be2 d5 8.cxd5 exd5
9.O-O Nbd7 10.Qb3 c5 11.Bxf6 Nxf6 12.dxc5 Bxc5 13.Rfd1 Qe7 14.Nd4 Rad8 15.Bf3 Ne4
16.Rac1 Qe5 17.Nce2 Bd6 18.Ng3 Nc5 19.Qc2 g6 20.Qb1 h5 21.Nf1 h4 22.b4 Ne4
23.a3 Bb8 24.Rc2 Rd6 25.Qb3 Rf6 26.Qd3 Qg5 27.Rdc1 Be5 28.Qd1 Bxd4 29.exd4 Ba6
30.Bxe4 dxe4 31.Ne3 Bd3 32.Rc6 Rxc6 33.Rxc6 Rd8 34.d5 Qf4 35.h3 Kg7 36.Qa1+ Kg8
37.Ng4 Bb5 38.Rc1 Qd6 39.Nf6+ Kf8 40.Nxe4 Qxd5 41.Qh8+ Ke7 42.Qxh4+ Kf8 43.Qh6+ Ke7
44.Re1 Qe5 45.f4 Qd4+ 46.Nf2+  1-0

[Event "FSGM Dec"]
[Site "Budapest HUN"]
[Date "2002.12.11"]
[Round "5"]
[White "Horvath,P1"]
[Black "Balogh,C"]
[Result "1/2-1/2"]
[WhiteElo "2482"]
[BlackElo "2432"]

1.d4 Nf6 2.c4 e6 3.Nf3 b6 4.Nc3 Bb4 5.Bg5 Bb7 6.e3 h6 7.Bh4 c5 8.Bd3 cxd4
9.exd4 Bxf3 10.Qxf3 Nc6 11.Qe3 Be7 12.O-O Nb4 13.Bxf6 Bxf6 14.Nd5 Nxd3 15.Nxf6+ Qxf6  1/2-1/2

[Event "FSGM Dec"]
[Site "Budapest HUN"]
[Date "2002.12.13"]
[Round "7"]
[White "Szeberenyi,A"]
[Black "Ramesh,R"]
[Result "1/2-1/2"]
[WhiteElo "2367"]
[BlackElo "2475"]

1.d4 Nf6 2.c4 e6 3.Nf3 b6 4.Nc3 Bb7 5.a3 d5 6.Bg5 Be7 7.Bxf6 Bxf6 8.cxd5 exd5
9.Qb3 O-O 10.Rd1 c6 11.g3 Be7 12.Bg2 Nd7 13.O-O f5 14.e3 a5 15.Rfe1 Kh8 16.Ne2 Bd6  1/2-1/2

[Event "XII It"]
[Site "Elgoibar ESP"]
[Date "2002.12.14"]
[Round "3"]
[White "Mirzoev,A"]
[Black "Gomez Esteban,J"]
[Result "1-0"]
[WhiteElo "2522"]
[BlackElo "2476"]

1.d4 Nf6 2.Nf3 e6 3.c4 b6 4.Nc3 Bb7 5.Bg5 Be7 6.Qc2 h6 7.Bh4 d5 8.cxd5 Nxd5
9.Nxd5 Bxd5 10.Bxe7 Qxe7 11.e4 Bb7 12.Bd3 O-O 13.O-O Rc8 14.Rad1 Nd7 15.Rfe1 c5
16.d5 exd5 17.exd5 Qd6 18.Bb5 Nf6 19.Nh4 Rd8 20.Nf5 Qf4 21.g3 Qb4 22.Bc6 Rdb8
23.Re7 Bxc6 24.dxc6 Rc8 25.c7 Kf8 26.Qe2 Qa4 27.b3 Qc6 28.Rd6  1-0

[Event "Salona Rapid 1hr"]
[Site "Solin-Spilt CRO"]
[Date "2002.12.19"]
[Round "15"]
[White "Kozul,Z"]
[Black "Cvitan,O"]
[Result "1/2-1/2"]
[WhiteElo "2565"]
[BlackElo "2562"]

1.d4 Nf6 2.c4 e6 3.Nf3 b6 4.Nc3 Bb7 5.a3 d5 6.cxd5 Nxd5 7.Qc2 Be7 8.Nxd5 exd5
9.Bf4 c5 10.dxc5 bxc5 11.e3 Nd7 12.Bd3 h6 13.O-O O-O 14.Rfd1 Nf6 15.Rac1 Qb6
16.Be5 a5 17.Qa4 Bc6 18.Qf4 Bd7 19.Nh4 Nh5 20.Qf3 Bxh4 21.Qxh5 Be7 22.Qf3 Qe6
23.Qg3 Qg4 24.Be2 Qxg3 25.hxg3 Be6 26.Bf3 Rfd8 27.Rd2 Ra7 28.a4 d4 29.exd4 Bg5
30.Bf4 cxd4 31.Bxg5 hxg5 32.Rc5 g4 33.Be2 g6 34.f3 gxf3 35.gxf3 Kg7 36.Kf2 Kf6
37.g4 g5 38.Kg3 Rd6 39.Bb5 Ra8 40.Bd3 Bd7 41.Bc4 Rc8 42.Rxc8 Bxc8 43.f4 Be6
44.b3 d3 45.Bxe6 fxe6  1/2-1/2

[Event "Rotary Open"]
[Site "Lindsborg Kansas USA"]
[Date "2002.12.23"]
[Round "9"]
[White "Rios,E"]
[Black "Jungman,G"]
[Result "1-0"]
[WhiteElo "2025"]
[BlackElo "2051"]

1.d4 e6 2.Nf3 Nf6 3.c4 b6 4.Nc3 Bb7 5.Bg5 Bb4 6.e3 Qe7 7.Bd3 d6 8.Qa4+ Nc6
9.d5 Bxc3+ 10.bxc3 Qd7 11.Bxf6 gxf6 12.dxc6 Bxc6 13.Qc2 f5 14.Ke2 Rg8 15.Rhg1 Ke7
16.g3 Rae8 17.Nd4 Bb7 18.Rad1 h5 19.e4 c5 20.Nf3 Bc6 21.Rd2 Qb7 22.Ke3 fxe4
23.Bxe4 d5 24.Bh7 d4+ 25.cxd4 Bxf3 26.Bxg8 Rxg8 27.d5 Bg4 28.Qe4 Kf8 29.dxe6 Qxe4+
30.Kxe4 Bxe6 31.Rd8+ Kg7 32.Rxg8+ Kxg8 33.Rc1 Kf8 34.f4 Ke7 35.a4 Bd7 36.Ra1 Bc6+
37.Ke5 f6+ 38.Kf5 Bd7+ 39.Kg6 Be8+ 40.Kg7 Bd7 41.Re1+ Kd6 42.Rd1+ Ke7 43.Rxd7+ Kxd7
44.Kxf6 a6 45.Ke5  1-0